| 000 | 00673nam a22002057a 4500 | ||
|---|---|---|---|
| 003 | OSt | ||
| 005 | 20220929212636.0 | ||
| 008 | 220929b |||||||| |||| 00| 0 eng d | ||
| 020 | _a972-776-276-x | ||
| 040 | _cBiblioteca LadoV | ||
| 082 |
_a750 _bL299j |
||
| 100 |
_929 _aLapa,Pedro |
||
| 245 |
_aJoao Maria Gusmao/ _bPedro Paiva/ |
||
| 260 |
_aBrasil _bMuseu do Chiado _bMuseu Nacional de Arte Contemporanea _c2005 |
||
| 300 |
_a98p. _c23x28cm |
||
| 650 |
_2Tesauro de Arte & Arquitectura _a COLECCION |
||
| 650 |
_2Tesauro de Arte & Arquitectura _aARTE |
||
| 650 |
_2Tesauro de Arte & Arquitectura _aARTE VISUAL |
||
| 942 |
_2ddc _c1 _h750 _iL299j _n0 |
||
| 999 |
_c2139 _d2139 |
||